| 000 | 02059cam a22005057i 4500 | ||
|---|---|---|---|
| 001 | 18884994 | ||
| 003 | NUST | ||
| 005 | 20220825113120.0 | ||
| 008 | 151205t20152015xxua 5 000 0 eng d | ||
| 010 | _a 2015490532 | ||
| 020 | _a9781941234358 (paperback) | ||
| 020 | _a1941234356 (paperback) | ||
| 035 | _a(OCoLC)ocn883148253 | ||
| 038 | _aAzhar | ||
| 040 |
_aBTCTA _beng _cBTCTA _erda _dBDX _dCLE _dOCLCO _dYDXCP _dJAO _dCHVBK _dOCLCO _dOCLCQ _dOCLCO _dDLC |
||
| 042 | _alccopycat | ||
| 043 | _an-us--- | ||
| 050 | 0 | 0 |
_aHF1118 _b.G59 2015 |
| 082 | 0 | 4 |
_a650.076 _223 _bMAN |
| 245 | 0 | 0 | _aGMAT advanced quant. |
| 246 | 1 |
_iAt head of title: _aManhattan prep |
|
| 246 | 1 |
_iTitle on title page verso: _aGMAT advanced quant strategy guide |
|
| 250 | _aSecond edition. | ||
| 260 |
_a[United States] : _bManhattan Prep, _c2015 |
||
| 264 | 4 | _c©2015 | |
| 300 |
_a405 pages : _billustrations ; _c28 cm. |
||
| 336 |
_atext _btxt _2rdacontent |
||
| 337 |
_aunmediated _bn _2rdamedia |
||
| 338 |
_avolume _bnc _2rdacarrier |
||
| 490 | 1 |
_aGMAT strategy guide ; _v[supplement] |
|
| 500 | _a"Strategy guide supplement"--Cover. | ||
| 650 | 0 |
_aGraduate Management Admission Test _vStudy guides. _995984 |
|
| 650 | 0 |
_aMathematics _zUnited States _vExaminations, questions, etc. _vStudy guides. _995996 |
|
| 650 | 0 |
_aCollege-level examinations _zUnited States _vStudy guides. _995997 |
|
| 650 | 7 |
_aManagementschule. _2gnd _0(DE-588)4222923-6 _995998 |
|
| 650 | 7 |
_aWirtschaftshochschule. _2gnd _0(DE-588)4343456-3 _995999 |
|
| 650 | 7 |
_aHochschulzulassung. _2gnd _0(DE-588)4025259-0 _996000 |
|
| 650 | 7 |
_aTest. _2gnd _0(DE-588)4059549-3 _996001 |
|
| 830 | 0 |
_aManhattan GMAT strategy guides ; _vsupplement. _996002 |
|
| 856 | 4 | 2 |
_3Contributor biographical information _uhttp://www.loc.gov/catdir/enhancements/fy1607/2015490532-b.html |
| 856 | 4 | 2 |
_3Publisher description _uhttp://www.loc.gov/catdir/enhancements/fy1607/2015490532-d.html |
| 906 |
_a7 _bcbc _ccopycat _d2 _encip _f20 _gy-gencatlg |
||
| 942 |
_2ddc _cLC |
||
| 999 |
_c590719 _d590719 |
||